Texto elaborado de Lenguaje y Comunicación para NB4
محفوظ في:
| المؤلفون الرئيسيون: | , , |
|---|---|
| التنسيق: | كتاب |
| اللغة: | الإسبانية |
| منشور في: |
Viña del Mar
Pontificia Universidad de Valparaíso
2003
|
| الموضوعات: | |
| الوسوم: |
إضافة وسم
لا توجد وسوم, كن أول من يضع وسما على هذه التسجيلة!
|
MARC
| LEADER | 00000nam a2200000 a 4500 | ||
|---|---|---|---|
| 001 | UCK3289 | ||
| 003 | CL-VaPUC | ||
| 008 | 050422e20030000CL |||||||||||||||||spa|d | ||
| 082 | 0 | 4 | |a 372.4 |b MIR |2 21 |
| 100 | |a Miranda Correa, Carla |e autora |9 830394 | ||
| 700 | 0 | |a Pérez Morales, Verónica |e author |9 491374 | |
| 700 | 0 | |a Valdés Millas, Catalina |e author |9 491375 | |
| 245 | 1 | 0 | |a Texto elaborado de Lenguaje y Comunicación para NB4 |
| 300 | |a Pág. irreg | ||
| 942 | |c BK | ||
| 945 | |d 20050422 00:00:00 |a cmena | ||
| 260 | |a Viña del Mar |b Pontificia Universidad de Valparaíso |c 2003 | ||
| 500 | |a Asignatura: Didáctica del castellano 2; Profesora: Eliana Abarzúa Peralta | ||
| 650 | 0 | |a Educación lingüística |9 306506 | |
| 650 | 0 | |a Educación básica |9 224933 | |
| 650 | 0 | |a Métodos de enseñanza |9 270413 | |
| 650 | 0 | |a Comprensión de lectura |9 307588 | |
| 650 | 0 | |a Planificación del currículo |9 269599 | |
| 650 | 0 | |a Motivación |9 315362 | |
| 583 | |a last modification |c 20050422 00:00:00 |k Rodrigo Vera | ||
| 999 | |c 312537 |d 312535 | ||
| 952 | |0 0 |1 0 |4 0 |6 372_400000000000000_MIR_2003 |7 0 |8 P |9 382992 |a BIBEDU |b BIBEDU |c BIBEDU_PB |d 2019-11-21 |i 4109163 |o 372.4 MIR 2003 |p 4109163 |r 2024-01-25 |w 2019-11-21 |y BK |k EBA | ||